000 00715nam a2200241Ia 4500
003 OSt
005 20221005133638.0
006 a|||||r|||| 00| 0
007 ta
008 221004b |||||||| |||| 00| 0 hin d
024 _a14514
037 _cTextual
040 _aCRL
_cCRL
_bhin
041 _2hin
_ahin
082 _aR65,6, 152N4
100 _aमिश्र, रामदेव
245 0 _aश्रीमद्भागवत गीता संग्रह
246 _aShrīmadbhāgavat gītā sangraha
260 _c1994
650 _aभारतीय दर्शन
942 _hR65,6, 152N4
_cTEXL
_2cc
999 _c1067436
_d1067436